[Event "RUS-ch Rapid 2021"]
[Site "Sochi"]
[Date "2021.10.13"]
[Round "11.10"]
[White "Vastrukhin, Oleg"]
[Black "Riazantsev, Alexander"]
[Result "0-1"]
[WhiteElo "2382"]
[BlackElo "2634"]
[Annotator "TA"]
[PlyCount "142"]
[EventDate "2021.10.12"]
[EventType "swiss"]
[EventCountry "RUS"]
[SourceTitle "playchess.com"]
[Source "ChessBase"]
[SourceQuality "1"]

{[%evp 10,142,36,18,37,42,42,41,42,34,43,35,43,28,88,40,39,45,40,49,57,29,41,6,79,83,88,86,172,164,200,138,220,-22,-32,-35,-16,-40,-27,-29,50,46,43,50,49,6,14,0,83,82,102,93,92,90,91,87,124,103,93,103,161,161,171,108,110,78,97,79,78,87,92,0,0,0,0,0,0,0,0,0,0,0,0,0,0,0,45,58,35,56,23,-44,-53,-54,-31,-225,-225,-212,-202,-241,-207,-200,-71,-71,-9,-20,-11,-8,-8,-71,-71,-425,-400,-341,-318,-295,-266,-265,-76,-75,-75,-252,-262,-255,-258,-239,-221,-395,-375,-909,-870,-5081,-4928,-4566,-1442]} 1. Nf3 d5 2. g3 Nc6 3. d4 Bf5 4. Bg2 e6 5. O-O Nb4 6. Na3 h5 $5 {[%mdl 4] Leaves trodden paths. D02: 1 d4 d5 2 Nf3 sidelines, including 2...Nf6 3 g3 and 2...Nf6 3 Bf4.} 7. c3 Nc6 8. Qb3 Bxa3 {White is slightly better.} 9. Qxa3 Be4 10. Qb3 b6 {[#]} 11. Re1 $146 ({Predecessor:} 11. Rd1 f6 12. Bf1 Bf5 13. c4 Nge7 14. Nh4 Bh7 15. Bh3 g5 16. Bxe6 gxh4 17. cxd5 {0-1 (48) Praggnanandhaa,R (2897)-Riazantsev,A (2671) Chess.com INT 2020}) 11... h4 (11... Nge7 $11) 12. Qa4 Qd7 13. Nxh4 Bxg2 14. Kxg2 O-O-O 15. Qa6+ Kb8 16. a4 f6 (16... Nge7 $1 $11 {remains equal.}) 17. Ng6 $16 Rh7 18. h4 e5 (18... Nge7 $16 19. Nxe7 Qxe7) 19. dxe5 $18 fxe5 20. Bg5 Re8 (20... Nf6 $16) 21. Qb5 $2 (21. e4 $18) 21... Qd6 22. Nxe5 Rxe5 23. Bf4 Nf6 24. a5 Qc5 (24... Qe6 $11 25. Rh1 Rhh5 26. axb6 cxb6) 25. Qxc5 $14 bxc5 26. Bxe5 Nxe5 27. a6 c6 28. Ra5 Ned7 (28... Kc7 $11) 29. c4 $1 $16 Kc7 30. cxd5 Nxd5 31. e4 Nb4 32. Re2 g6 33. e5 Re7 34. f4 Kb6 (34... Nd5 $16) 35. Ra1 $18 c4 36. Rd1 ({White should try} 36. g4 $18) 36... Nd5 37. Kf3 Nc5 38. Rd4 Kb5 39. Rc2 Nb3 40. Rd1 (40. Rdxc4 $16 c5 41. Kf2) 40... Kc5 $11 41. Ke4 Nf6+ 42. Kf3 Nd5 43. Ke4 Nf6+ 44. Kf3 Nd5 45. Ke4 Nf6+ 46. Kf3 Nd5 47. Ke4 Nb4 48. Rh2 Nd3 49. h5 gxh5 50. Rxd3 (50. Kf5 $11) 50... cxd3 $15 51. Kxd3 $14 {[%mdl 4096] Endgame White wants to play Kc3. KRN-KR} Rg7 52. Rh3 $2 (52. Ke4 $15) 52... Kd5 $19 53. Ke3 Nd4 54. Kf2 Nf5 55. Kf3 c5 (55... h4 $19 56. gxh4 Nd4+ 57. Kf2 Ke4) 56. Rxh5 $17 Nxg3 ({Black should play} 56... Nd4+ $17 57. Kf2 Ke4) 57. Rh8 $1 $11 Nf5 58. Rd8+ Kc4 {Hoping for ...Nd4+.} 59. Ke4 (59. b3+ $11 {keeps the balance.} Kxb3 60. Ke4) 59... Nd4 $17 {...Rg1 is the strong threat.} 60. Rb8 $2 {[%mdl 8192]} (60. b3+ $17 {nothing else works.} Nxb3 61. f5) 60... Rg1 {[%cal Rg1e1]} 61. Ke3 Re1+ 62. Kf2 Re2+ 63. Kg3 Nc6 $2 (63... Kd3 $19 {has better winning chances. aiming for ...Ke4.} 64. Rb7 Ke4 65. Rxa7 Rxb2) 64. Rb7 Kd5 65. Kf3 $2 (65. Kg4 $17 {was forced.}) 65... Nd4+ $19 66. Kg3 Ke4 $1 67. Rxa7 Rxb2 {Threatens to win with ...Ne2+.} 68. Rc7 $2 {[#]} (68. e6 Nxe6 69. Re7) 68... Ne6 $1 {[%csl LRc7,LRf4][%cal Re6c7]} 69. Rc6 $2 {[#]} (69. Rf7 Rb3+ 70. Kg4) 69... Kf5 $1 {Black is clearly winning.} 70. a7 Ra2 71. Rc8 Rxa7 {Both players deserved the win here.  Weighted Error Value: White=0.36/Black=0.23} 0-1

[Event "RUS-ch Rapid 2021"]
[Site "Sochi"]
[Date "2021.10.13"]
[Round "11.11"]
[White "Smirnov, Timofey"]
[Black "Dreev, Aleksey"]
[Result "0-1"]
[WhiteElo "2409"]
[BlackElo "2635"]
[Annotator "TA"]
[PlyCount "66"]
[EventDate "2021.10.12"]
[EventType "swiss"]
[EventCountry "RUS"]
[SourceTitle "playchess.com"]
[Source "ChessBase"]
[SourceQuality "1"]

{[%evp 12,66,39,31,53,33,39,28,36,37,33,32,36,23,50,14,29,27,26,34,21,-31,-24,-44,-27,-40,-43,-46,-52,-44,-30,-39,-33,-83,-93,-82,-82,-259,-52,-72,-67,-357,-340,-408,-400,-926,-885,-1068,-1067,-29985,-1686,-29986,-29987,-29992,-29990,-29990,-29991]} 1. e4 c5 2. Nf3 e6 3. d4 cxd4 4. Nxd4 Nf6 5. Nc3 Nc6 6. Ndb5 Bc5 7. Bf4 {Threatens to win with Nc7+. 7.Bf4 scores better than 7.Nd6+.} O-O {B45: Sicilian Four Knights.} 8. Bc7 $1 {[%cal Rc7d8]} Qe7 9. Bd6 $1 {[%cal Rd6e7]} Bxd6 {White has an edge.} 10. Qxd6 Qd8 11. O-O-O a6 12. Nd4 Ne7 13. f3 b5 14. Nb3 Ne8 {[#]} 15. Qd2 $146 ({Predecessor:} 15. Qg3 b4 16. Na4 d6 17. Qf2 Rb8 18. e5 Nd5 19. exd6 Nxd6 20. Bd3 a5 21. Be4 Nxe4 22. fxe4 {0-1 (50) Geller,J (2521)-Perunovic,M (2589) Moscow 2019}) 15... Qc7 16. g4 (16. a3 $11) 16... b4 $15 17. Na4 Rb8 18. Nac5 {[%cal Rc5d7]} d6 19. Nxa6 Bxa6 20. Bxa6 Qa7 21. Qe2 Rb6 22. Bb5 Nc7 23. Bc4 Qxa2 24. Rd4 $2 (24. Nc5 $17 b3 25. Nd7) 24... d5 $2 (24... e5 $19 25. Rd2 Ra8) 25. exd5 Ncxd5 26. f4 $2 {[%mdl 8192] [#]} (26. Bxd5 $15 Nxd5 27. Re1) 26... Nc6 $1 $19 {[%cal Rc6d4]} 27. Re4 {[#]} Nc3 $1 {[%mdl 512]} 28. bxc3 (28. Qe1 $142 Qb1+ 29. Kd2 Nxe4+ 30. Qxe4 Qxb2 31. Ke2) 28... bxc3 {( -> ...Rxb3!)} 29. Qd3 {[#]} Rxb3 $1 {[%mdl 512]} 30. cxb3 (30. Kd1 Qb1+) 30... Qb2+ 31. Kd1 Rd8 {Black mates.} 32. Bd5 c2+ {[%mdl 64] Deflection} 33. Qxc2 Rxd5+ {Weighted Error Value: White=0.77/Black=0.16} 0-1

[Event "RUS-ch Rapid 2021"]
[Site "Sochi"]
[Date "2021.10.13"]
[Round "11.12"]
[White "Afanasiev, Nikita"]
[Black "Bryakin, Mikhail"]
[Result "1-0"]
[WhiteElo "2560"]
[BlackElo "2498"]
[Annotator "TA"]
[PlyCount "97"]
[EventDate "2021.10.12"]
[EventType "swiss"]
[EventCountry "RUS"]
[SourceTitle "playchess.com"]
[Source "ChessBase"]
[SourceQuality "1"]

{[%evp 10,97,18,18,19,18,24,24,37,31,41,32,26,24,12,0,0,0,25,16,43,37,131,132,128,124,123,124,127,70,71,60,157,36,66,0,16,0,127,22,22,13,120,120,121,121,123,112,123,88,87,54,58,64,68,62,74,54,75,26,261,249,244,257,252,247,244,244,245,254,244,256,245,245,245,250,333,333,420,332,475,387,822,819,792,787,883,883,822,816]} 1. e4 c6 2. d4 d5 3. e5 Bf5 4. Nd2 e6 5. Nb3 Nd7 6. Nf3 Ne7 {B12: Caro-Kann: Advance Variation.} 7. Be2 a5 8. a4 h6 {White has an edge.} 9. O-O Bh7 10. c3 Nf5 11. Ne1 Be7 12. Nd3 O-O {[#]} 13. Nf4 $146 ({Predecessor:} 13. f4 b6 14. Bg4 c5 15. Bxf5 Bxf5 16. Ne1 Rc8 17. Be3 Bh7 18. g4 f5 19. Ng2 fxg4 20. Qxg4 {0-1 (86) Smith,R (2097)-Boe,M (2478) Chess.com INT 2018}) 13... Nh4 14. g3 Ng6 15. Ng2 f5 (15... Qc8 $14) 16. h4 $16 Re8 17. h5 Nh8 18. Nf4 Bg5 19. c4 (19. Nd3 $16) 19... Bxf4 20. Bxf4 Nf7 ({Black should try} 20... dxc4 $1 $14 21. Bxc4 Nf7) 21. Rc1 (21. c5 $16) 21... Ng5 22. Rc3 (22. cxd5 $14 Nh3+ 23. Kg2 Nxf4+ 24. gxf4 exd5 25. Rh1) 22... Ne4 23. Rc1 Qe7 (23... Ng5 $11) 24. Nd2 ({White should play} 24. c5 $16) 24... Nxd2 $1 $11 25. Qxd2 Kh8 (25... dxc4 $1 $11 26. Rxc4 (26. Bxc4 Kh8 $14) 26... Red8) 26. b3 $16 Nb6 27. Qa2 Rec8 28. Rfd1 Bg8 29. Rc2 c5 30. Qb2 cxd4 31. Qxd4 Rc6 32. Be3 Rac8 33. Bf3 Bf7 34. Qd2 {[#] Bxb6 is the strong threat.} Qb4 {This costs Black the game.} (34... Nd7 $11) 35. Qxb4 $18 axb4 36. Rcd2 Nd7 37. Bf4 Nc5 38. cxd5 exd5 39. Bxd5 Bxd5 40. Rxd5 Nxb3 41. Rb5 Nc5 42. Rxb4 Ra8 43. Be3 Ne6 44. Rd6 Raa6 (44... Nd8 {was worth a try.} 45. Rd7 Rca6) 45. Rd7 b6 $2 {[#]} (45... Ra5 46. Rdxb7 Kh7) 46. Rd6 {White is clearly winning.} Rxd6 47. exd6 b5 48. axb5 {[%cal Ba4b5,Bb5b6][%mdl 32]} Rxd6 49. b6 {Weighted Error Value: White=0.23/Black=0.41} 1-0

[Event "RUS-ch Rapid 2021"]
[Site "Sochi"]
[Date "2021.10.13"]
[Round "11.13"]
[White "Kukhmazov, Arsen"]
[Black "Lysyj, Igor"]
[Result "1/2-1/2"]
[WhiteElo "2472"]
[BlackElo "2603"]
[Annotator "TA"]
[PlyCount "96"]
[EventDate "2021.10.12"]
[EventType "swiss"]
[EventCountry "RUS"]
[SourceTitle "playchess.com"]
[Source "ChessBase"]
[SourceQuality "1"]

{[%evp 18,96,29,15,30,11,14,11,37,21,52,41,45,49,64,35,29,29,46,38,23,17,21,14,16,0,4,0,66,55,64,68,67,45,59,56,81,64,32,0,81,0,89,79,147,90,204,200,209,197,188,0,0,-50,0,0,0,-96,0,0,0,0,0,0,0,0,0,0,0,0,0,0,0,0,0,0,0,0,0,0,0]} 1. d4 Nf6 2. c4 e6 3. Nf3 b6 4. g3 Bb7 5. Bg2 Bb4+ 6. Bd2 c5 7. Bxb4 cxb4 8. Qd3 O-O 9. O-O d6 10. Nbd2 Qe7 {[#] 10...a5 is becoming the main line. E16: Queen's Indian: 4 g3 Bb7 5 Bg2 Bb4+.} 11. a3 $146 ({Predecessor:} 11. Rfd1 a5 12. a3 Na6 13. Ne1 Rac8 14. e4 e5 15. Nc2 exd4 16. Qxd4 bxa3 17. bxa3 Nc5 18. Rab1 {1-0 (44) Martirosyan,H (3113)-Leiva Rodriguez,J (2624) Chess.com INT 2020}) 11... bxa3 12. Qxa3 Re8 13. b4 e5 14. e3 Nbd7 15. Rfc1 Rec8 16. Nxe5 Nxe5 17. dxe5 dxe5 18. Bxb7 Qxb7 19. c5 bxc5 20. bxc5 Qd5 21. Rc2 h5 22. Qb4 e4 (22... a5 $11 23. Qc4 (23. Rxa5 Rxa5 24. Qxa5 Ne4 $11) 23... Qxc4 24. Rxc4 Rc6) 23. h4 $14 Rc7 24. Qd4 Qe6 25. Kg2 Rac8 26. Ra4 {[%cal Rd2e4]} Qc6 27. Nb3 Qe6 28. Nd2 Qc6 $1 29. Nb3 (29. Ra5 $16) 29... Qe8 (29... Qe6 $1 $11 {keeps the balance.} 30. Qc4 (30. Nd2 Re8 $14) 30... Qf5) 30. Ra6 Rb8 {[#]} ({Better is} 30... Qb5 31. Qc4 Rb8) 31. Nd2 (31. Rd6 $142 $1) 31... Qb5 (31... Rd8 $16 32. Rd6 Rxd6 33. Qxd6 Qd7) 32. Rxf6 $18 gxf6 33. Nxe4 Qc6 {White must now prevent ...Rd7.} 34. Kh2 $2 (34. f3 $18 Kg7 35. Nd6) 34... Kg7 $11 35. Rc4 Rb1 (35... Rd7 $5 {[%cal Rd7d4]} 36. Nd6 Qf3 $15) 36. Qd3 {[%cal Rd3b1]} Ra1 37. Rd4 {[#]} (37. Qc3 $11 Rd1 38. g4) 37... Re7 (37... Qa6 $1 $17 {aiming for ...Qxd3.} 38. Qxa6 Rxa6) 38. Qc3 {The position is equal.} Rb1 39. Rd6 Qxe4 {[%csl Gb1][%cal Re4h1]} 40. Qxf6+ Kh7 {[%csl Gb1][%cal Re4h1]} 41. Qh6+ {[%mdl 64] Double Attack} Kg8 {[%csl Gb1][%cal Re4h1]} 42. Qg5+ $1 Kf8 {[%csl Gb1][%cal Re4h1]} 43. Qh6+ Kg8 {[%csl Gb1][%cal Re4h1]} 44. Rd8+ Re8 {[%csl Gb1][%cal Re4h1]} 45. Qg5+ Kf8 {[%csl Gb1][%cal Re4h1]} 46. Qh6+ Kg8 $1 {[%csl Gb1][%cal Re4h1]} 47. Qg5+ Kf8 {[%csl Gb1][%cal Re4h1]} 48. Qh6+ Kg8 $1 {[%csl Gb1][%cal Re4h1] Weighted Error Value: White=0.21/Black=0.21} 1/2-1/2

[Event "RUS-ch Rapid 2021"]
[Site "Sochi"]
[Date "2021.10.13"]
[Round "11.14"]
[White "Ivlev, Aleksey"]
[Black "Kezin, Roman"]
[Result "0-1"]
[WhiteElo "2315"]
[BlackElo "2492"]
[Annotator "TA"]
[PlyCount "88"]
[EventDate "2021.10.12"]
[EventType "swiss"]
[EventCountry "RUS"]
[SourceTitle "playchess.com"]
[Source "ChessBase"]
[SourceQuality "1"]

{[%evp 11,88,17,27,15,21,8,16,16,11,-18,-31,-30,-20,-66,-61,-93,-37,-56,-56,-78,-77,-77,-68,-93,-71,-100,-97,-135,-121,-115,-102,-144,-150,-141,-142,-137,-136,-237,-245,-238,-139,-139,-129,-135,-139,-156,35,-151,-160,-157,-167,-214,-200,-252,-255,-231,-235,-270,-273,-304,-304,-433,-379,-396,-478,-475,-464,-443,-419,-637,-636,-536,-507,-2969,-3261,-2500,-2388,-1844,-1690]} 1. d4 d5 2. c4 e6 3. Nf3 Nf6 4. g3 dxc4 5. Bg2 c6 6. Ne5 Bb4+ 7. Nc3 {E04: Open Catalan: 5 Nf3.} Nd5 8. Bd2 Nb6 9. e3 {The position is equal.} N8d7 10. Nf3 (10. Bxc6 {looks sharper.} Bxc3 11. Bxd7+ Bxd7 12. Bxc3 O-O 13. Bb4) 10... O-O 11. O-O {[#]} Re8 $146 ({Predecessor:} 11... Nf6 12. Qc2 Re8 13. Ne5 Bd6 14. f4 Bd7 15. Ne2 Bxe5 16. fxe5 Nfd5 17. e4 Ne7 {½-½ (31) Pleh,S (1766)-Kurtcehajic,S (1994) Sarajevo 2018}) 12. e4 e5 13. dxe5 Nxe5 (13... Nc5 $17) 14. Nxe5 $15 Rxe5 15. Be3 Qxd1 16. Rfxd1 Re8 17. Ne2 f5 18. exf5 Bxf5 19. Nd4 Bg6 20. a3 Bc5 21. Nf5 Bxf5 22. Bxc5 {[#]} Na4 $1 {[%cal Ra4c5]} 23. Bd4 Rad8 24. f4 (24. Rac1 $17) 24... Bg4 $19 25. Rd2 Re2 (25... c5 $19 26. Be3 Rd3 27. Rxd3 cxd3 28. Bd5+ Kh8) 26. Rxe2 $17 Bxe2 27. Be5 Rd2 28. Bh3 Nxb2 $2 {[#]} ({Black should try} 28... Kf7 $17 29. Bf5 g6) 29. Rb1 $2 (29. Be6+ $14 {stays ahead.} Kh8 30. Ra2) 29... Rd1+ {White is now going downhill.} 30. Rxd1 Nxd1 {[%mdl 4096] Endgame KBB-KBN} 31. Bd4 b6 32. Bd7 c5 33. Be5 Bd3 {White must now prevent ...c3.} 34. Bg4 Ne3 35. Be6+ Kf8 36. Bd6+ Ke8 37. Be5 Bf5 38. Bxf5 Nxf5 $19 {KB-KN} 39. Kf2 g6 40. Bb8 (40. g4 $142 Nd4 41. Ke3) 40... Kd7 {Black is clearly winning.} 41. Be5 Nd4 42. a4 (42. Ke3 $142 Nc2+ 43. Ke4) 42... c3 43. Ke3 c2 44. Kd2 Nf3+ {Weighted Error Value: White=0.54/Black=0.16} 0-1

[Event "RUS-ch Rapid 2021"]
[Site "Sochi"]
[Date "2021.10.13"]
[Round "11.17"]
[White "Savchenko, Boris"]
[Black "Shubin, Kirill"]
[Result "0-1"]
[WhiteElo "2535"]
[BlackElo "2463"]
[Annotator "TA"]
[PlyCount "114"]
[EventDate "2021.10.12"]
[EventType "swiss"]
[EventCountry "RUS"]
[SourceTitle "playchess.com"]
[Source "ChessBase"]
[SourceQuality "1"]

{[%evp 10,114,-11,-5,-8,-16,-21,-19,-16,-31,-21,-37,-34,-48,-38,-42,-6,-54,-57,-47,-18,-25,-25,-33,6,0,0,0,7,0,4,0,21,0,22,19,21,12,20,6,15,17,16,13,21,11,45,0,0,-12,0,-25,-27,-30,-4,-36,-37,-28,-31,-52,-41,-38,-23,-115,-25,-37,0,-88,-92,-87,-87,-87,-26,-18,-27,-37,-30,-31,0,-405,-381,-395,-378,-379,-379,-362,-344,-303,-325,-4862,-4832,-3900,-1648,-29983,-183,-187,-166,-166,-159,-465,-472,-29980,-29983,-29996,-29997,-29997,-29998]} 1. e4 e6 2. Qe2 c5 3. g3 Nc6 4. Bg2 g6 5. d3 Bg7 6. Nf3 Nge7 {C00: French: Unusual White 2nd moves.} 7. h4 h6 8. c3 e5 {The position is equal.} 9. Nbd2 d6 {[#]} 10. a4 $146 ({Predecessor:} 10. h5 g5 11. Nh2 Be6 12. Ng4 f5 13. Ne3 d5 14. Nb3 b6 15. f4 gxf4 16. gxf4 {0-1 (62) Bartel,M (2635)-Levin,E (2516) St Petersburg 2012}) 10... b6 11. Nc4 Be6 12. O-O Qd7 13. Nh2 O-O 14. h5 Rae8 15. hxg6 fxg6 16. Be3 d5 17. exd5 Bxd5 18. Be4 Nf5 19. Kg2 Nce7 20. Rh1 Nxe3+ 21. Qxe3 Be6 22. Nf3 Nf5 23. Qe2 Bf7 24. Nfd2 Rd8 25. Nf1 Ne7 26. Nfe3 Be6 27. Rh4 Rf7 28. Rhh1 Rdf8 29. f3 h5 30. Qc2 Qc7 31. Rae1 a6 32. a5 b5 33. Nb6 Qd6 34. c4 Bh6 35. Qe2 Kg7 36. Nc2 {[#]} (36. Bb7 $11) 36... b4 (36... Nf5 $1 $17 37. Bxf5 Rxf5) 37. Ne3 $1 $11 b3 38. Na4 {[#]} (38. Nd1 $11) 38... Nc6 $1 $17 {[%cal Rc6d4] White must now prevent ...Nd4.} 39. Ref1 Nd4 $36 {[%mdl 2048] Keeping White busy.} 40. Qe1 Nc2 (40... Qe7 $17) 41. Nxc2 $11 bxc2 42. Qf2 c1=Q (42... c1=R {with more complications.} 43. Rxc1 Rxf3 44. Bxf3 Bg4 45. Rcf1 Bxf3+ 46. Qxf3 Rxf3 47. Rxf3 Bd2) 43. Rxc1 Bxc1 (43... Rxf3 {feels hotter.} 44. Bxf3 Bg4 45. Rcf1 Bxf3+ 46. Qxf3 Rxf3 47. Rxf3 Bd2) 44. Rxc1 $4 {[%mdl 8192] [#]} (44. Qxc5 $11 Rxf3 45. Bxf3 (45. Qxd6 Rf2+ 46. Kg1 Be3 $11) 45... Qxd3 {[%mdl 64] Double Attack} 46. Qxe5+ {[%mdl 64] Double Attack} Rf6 47. Be2) 44... Bg4 $1 $19 {[%mdl 512]} 45. Qxc5 Bxf3+ {[%mdl 64] Overworked Piece} 46. Bxf3 Qxd3 47. Qxe5+ Kh7 48. Rc3 (48. Be4 Rf2+ 49. Kh1 Rf1+ 50. Kh2 R8f2+ 51. Kh3 Qd7+ 52. Bf5 Rxc1 53. g4 gxf5 54. gxf5 Rh1+ 55. Kg3 Qd3+ 56. Kxf2 Rf1+ 57. Kg2 Qf3+ 58. Kh2 Rh1#) 48... Qd2+ 49. Kh3 $2 (49. Qe2 Qxe2+ 50. Bxe2 Rf2+ {[%mdl 64] Double Attack} 51. Kh1 Rxe2 52. Kg1) 49... Rxf3 50. Rxf3 Rxf3 {[%mdl 4096] Endgame KQR-KQN} 51. Nc3 Qf2 $2 (51... Rf2 {mates} 52. Qc7+ Kh6 53. Qf4+ Rxf4 54. gxf4 Qf2 55. Ne4 Qxf4 56. Nc5 Qf3+ 57. Kh2 h4 58. Ne6 Qf2+ 59. Kh1 h3 60. Nf4 Qxf4 61. Kg1 Qf3 62. Kh2 Qg2#) 52. Ne4 Qf1+ {[%mdl 64] Double Attack} 53. Kh2 {With the idea Ng5+.} Rf5 54. Qe7+ {This move loses the game for White.} (54. Qd4 $17 {was the crucial defense.}) 54... Kh6 55. c5 (55. Qe8 $19 Qe2+ 56. Kh3 Qxb2 57. Qd8) 55... h4 {Black mates.} 56. gxh4 Qe2+ {[%mdl 64] Double Attack} 57. Kh3 Rf3+ {Weighted Error Value: White=0.63/Black=0.20} 0-1

[Event "RUS-ch Rapid 2021"]
[Site "Sochi"]
[Date "2021.10.13"]
[Round "11.18"]
[White "Pridorozhni, Aleksei"]
[Black "Pershin, Denis"]
[Result "1-0"]
[WhiteElo "2564"]
[BlackElo "2388"]
[Annotator "TA"]
[PlyCount "87"]
[EventDate "2021.10.12"]
[EventType "swiss"]
[EventCountry "RUS"]
[SourceTitle "playchess.com"]
[Source "ChessBase"]
[SourceQuality "1"]

{[%evp 13,87,0,3,2,16,6,12,9,40,21,41,8,16,2,4,-4,4,8,6,-10,26,7,37,31,25,0,0,0,0,-36,56,65,55,-26,42,24,51,53,40,56,167,187,150,116,120,112,122,121,443,449,475,185,172,181,158,199,189,179,239,227,225,174,187,142,158,157,952,1319,1077,1007,29975,29976,29971,29972,29992,29993]} 1. e4 c6 2. Nc3 d5 3. Nf3 Bg4 4. h3 Bxf3 5. Qxf3 e6 6. a3 Nf6 7. d3 Be7 8. g3 {B11: Caro-Kann: Two Knights Variation.} O-O 9. Bg2 Nbd7 10. O-O {The position is equal.} Ne8 11. Qe2 {[#]} Bc5 $146 ({Predecessor:} 11... Nd6 12. f4 a5 13. Bd2 b5 14. f5 b4 15. Na4 Nb6 16. Nxb6 Qxb6+ 17. Be3 d4 {1-0 (37) Wendl,P (1942)-Hafner,R (2006) Graz 2021}) 12. Kh2 a5 13. f4 Nd6 14. Bd2 b5 {[%cal Bb7b5,Bb5b4][%mdl 32]} 15. Rae1 Re8 16. Qf3 b4 17. Na4 bxa3 18. Nxc5 Nxc5 19. e5 Nb5 20. bxa3 Nxa3 21. Qf2 (21. Be3 $5 {[%cal Re3c5]} d4 22. Bf2 $11) 21... Qe7 ({Better is} 21... Nxc2 $15 22. Qxc5 {[%mdl 64] Double Attack} Nxe1 23. Rxe1 Qc7) 22. Be3 $36 {[%mdl 3072] White has compensation. White has some pressure.} Nd7 23. g4 (23. Ra1 $14) 23... Rf8 (23... a4 $11) 24. Bc1 Nb5 25. c4 $1 {[%cal Rc4b5]} Nc7 26. f5 exf5 (26... Qb4 $14) 27. gxf5 $18 {Qg3 is the strong threat.} f6 ({Not} 27... Nxe5 $2 28. d4 $18) 28. e6 Ne5 29. Qg3 dxc4 30. dxc4 {Strongly threatening Ba3.} Nxc4 {[%mdl 8192]} (30... Rab8 $16) 31. Bxc6 Rab8 32. Re4 $2 (32. Rd1 {And now Rd7 would win.} Rfd8 33. Bf4 Rxd1 34. Rxd1 Rb2+ 35. Kh1) 32... Ne5 {[#]} 33. Ba3 $1 Rb4 34. Bxb4 axb4 {[#]} 35. Ba4 Ra8 (35... Na6 $142 36. Ra1 Kh8) 36. Rxe5 Rxa4 ({Wrong is} 36... fxe5 $2 {[#]} 37. f6 $1 $18) 37. Re3 {aiming for Rd3.} Ra2+ 38. Rf2 Rxf2+ 39. Qxf2 $16 {Black must now prevent Rd3. KQR-KQN} Nd5 $2 {Black cannot hold the game after this.} (39... Qd6+ $16 40. Kg2 Qd4) 40. Rd3 $18 Qc7+ 41. Kg2 Qe5 42. Qf3 {White mates.} Qb2+ 43. Kh1 b3 44. Qxd5 {[%cal Rd5d8] Weighted Error Value: White=0.19/Black=0.54} 1-0

[Event "RUS-ch Rapid 2021"]
[Site "Sochi"]
[Date "2021.10.13"]
[Round "11.21"]
[White "Khubukshanov, Erdem"]
[Black "Faizrakhmanov, Ramil"]
[Result "1-0"]
[WhiteElo "2373"]
[BlackElo "2483"]
[Annotator "TA"]
[PlyCount "75"]
[EventDate "2021.10.12"]
[EventType "swiss"]
[EventCountry "RUS"]
[SourceTitle "playchess.com"]
[Source "ChessBase"]
[SourceQuality "1"]

{[%evp 9,75,5,15,10,17,23,13,0,16,4,12,-4,-4,-4,-6,-39,-3,-18,0,0,0,0,47,-23,-36,-50,-62,-52,-66,-83,-74,-71,0,0,6,11,8,-80,-75,-74,-67,-125,-131,-129,-94,-142,-62,-68,-45,-46,-46,-48,-10,-4,0,0,29,27,268,248,254,261,372,259,259,259,835,791]} 1. e4 c6 2. d4 d5 3. e5 Bf5 4. h4 h5 5. Bd3 Bxd3 6. Qxd3 {B12: Caro-Kann: Advance Variation.} Qa5+ 7. Nd2 e6 8. Ngf3 {The position is equal.} Nh6 9. O-O Nf5 10. c4 {10.Nb3 is the modern continuation.} Be7 11. g3 O-O 12. b3 Nd7 13. a4 {[#]} g6 $146 ({Predecessor:} 13... Qa6 14. Qc2 Rfd8 15. Bb2 Rac8 16. c5 b6 17. b4 bxc5 18. dxc5 Qb7 19. Ba3 a5 20. bxa5 {½-½ (50) Potapov,P (2482)-Murzin,V (2442) Khanty-Mansiysk 2019}) 14. Bb2 Qa6 15. Qc3 c5 16. cxd5 (16. dxc5 $1 $14 Qc6 17. cxd5 Qxd5 18. Nc4) 16... exd5 $11 17. dxc5 Nxc5 18. e6 {[%csl Gb2][%cal Rc3h8]} f6 19. Nd4 Nxd4 (19... Nxe6 20. Nxf5 gxf5 21. Qf3 $16) 20. Qxd4 Qxe6 (20... Nxe6 $17 21. Qe3 (21. Qxd5 $2 Rad8 $19) 21... Bc5) 21. Rfe1 Qf7 22. b4 Nd7 {[%cal Bc5d7,Bd7e5,Be5c6][%mdl 32]} 23. Rad1 (23. Nf3 $11 {keeps the balance.} Kh7 24. Rac1) 23... Ne5 $17 24. Re3 Nc6 {[%mdl 64] [#] Double Attack} 25. Qf4 ({White should play} 25. Qd3 $15) 25... Bxb4 26. Nf3 Rad8 27. Red3 Bd6 (27... Bc5 $17 28. Qh6 d4 29. Bxd4 Bxd4 30. Nxd4 Ne5) 28. Qh6 $15 Ne5 (28... Qg7 {seems wilder.} 29. Qxg7+ Kxg7 30. Ng5 Rde8 31. Rxd5 Be5) 29. Bxe5 Bxe5 ({Don't blunder} 29... fxe5 $2 30. Ng5 $18) 30. Rxd5 $1 Rxd5 31. Rxd5 Bc7 (31... Bc3 {looks sharper.} 32. Rc5 Bb4 33. Rb5 a5 34. Rb6 Re8) 32. Qd2 $1 {And now Rd7 would win.} Qe8 33. Qc2 Qf7 {[#] A mistake that costs the game.} (33... Be5 $11 {and Black is okay.}) 34. Qd3 $1 $18 Qe8 35. Rd7 Bb6 (35... Rf7 $142 36. Qxg6+ {[%mdl 64] Double Attack} Kf8) 36. a5 {[%mdl 64] Decoy} Bxa5 37. Qd5+ {[%mdl 64] Double Attack} Kh8 $2 (37... Rf7 38. Rxf7 (38. Rxb7 Bb6 $17) 38... Qxf7 39. Qxa5 b6) 38. Qxb7 {Weighted Error Value: White=0.18/Black=0.31} 1-0